Statistics for Daily U.S. State Riddle #34

Click here to take the quiz!

General Stats

  • This quiz has been taken 58 times
  • The average score is 37 of 40

Answer Stats

TypeAnswer% Correct
Found LetterA
100%
Alphabet LetterI
100%
Alphabet LetterN
100%
Found LetterS
100%
Found LetterE
98%
Found LetterH
98%
Alphabet LetterL
98%
Alphabet LetterO
98%
Found LetterT
98%
Alphabet LetterW
98%
Found LetterM
96%
Alphabet LetterP
96%
Alphabet LetterR
96%
Alphabet LetterY
96%
Found LetterC
95%
Alphabet LetterD
95%
Alphabet LetterG
95%
Alphabet LetterV
95%
Alphabet LetterK
93%
Alphabet LetterX
93%
Alphabet LetterF
91%
Found LetterU
91%
Alphabet LetterB
89%
Alphabet LetterJ
88%
Correctly Placed LetterA
86%
Correctly Placed LetterC
86%
Correctly Placed Letter
A
86%
Correctly Placed LetterE
86%
Correctly Placed LetterH
86%
Correctly Placed LetterM
86%
Mystery U.S. StateMassachusetts
86%
Alphabet LetterQ
86%
Correctly Placed LetterS
86%
Correctly Placed LetterS
86%
Correctly Placed LetterS
86%
Correctly Placed LetterS
86%
Correctly Placed LetterT
86%
Correctly Placed LetterT
86%
Correctly Placed LetterU
86%
Alphabet LetterZ
86%

Score Distribution

Percentile by Number Answered

Percent of People with Each Score

Your Score History

You have not taken this quiz